| 000 | 00750nam a22002057a 4500 | ||
|---|---|---|---|
| 999 |
_c13437 _d13437 |
||
| 008 | 190315b ||||| |||| 00| 0 eng d | ||
| 020 | _a9780748698431 | ||
| 082 |
_22010 _aAV-Eb 342.710853 _bM443 |
||
| 100 |
_aMaule, Douglas. _937603 |
||
| 245 |
_aMedia law essentials / _cDouglas Maule and Zhongdong Niu. |
||
| 260 |
_bEdinburgh University Press, _c©2010. |
||
| 300 | _a217 pages; | ||
| 440 |
_aEdinburgh Law Essentials _937604 |
||
| 500 | _aIncludes index. | ||
| 650 |
_aMass media -- Law and legislation -- Great Britain. _937605 |
||
| 650 |
_aPress law -- Great Britain. _937606 |
||
| 700 |
_aNiu, Zhongdong . _937607 |
||
| 856 | _yhttps://ebookcentral.proquest.com/lib/uniofmindanao-ebooks/detail.action?docID=1665334 | ||
| 942 |
_2ddc _cEB |
||